Library of the University of Algiers 3
Ibrahim Sultan Cheibout
شعار جامعة الجزائر 3
مكتبة جامعة الجزائر 3
إبراهيم سلطان شيبوط

فعالية الإختبارات البدنية و التحاليل الطبية في الوقاية من الإصابات الرياضية لدى لاعبي كرة القدم (رقم التسجيلة. 14404)

تفاصيل مارك
000 -LEADER
fixed length control field 00959nam a2200217Ia 4500
005 - DATE AND TIME OF LATEST TRANSACTION
control field 20251215152029.0
008 - FIXED-LENGTH DATA ELEMENTS--GENERAL INFORMATION
fixed length control field 250219s9999||||xx |||||||||||||| ||und||
100 ## - MAIN ENTRY--PERSONAL NAME
Personal name غباش، عادل
245 #0 - TITLE STATEMENT
Title فعالية الإختبارات البدنية و التحاليل الطبية في الوقاية من الإصابات الرياضية لدى لاعبي كرة القدم
260 ## - PUBLICATION, DISTRIBUTION, ETC.
Place of publication, distribution, etc. الجزائر
Date of publication, distribution, etc. 2017
300 ## - PHYSICAL DESCRIPTION
Extent 210 و.
Dimensions 30 سم.
502 ## - DISSERTATION NOTE
Dissertation note دكتوراه
502 ## - DISSERTATION NOTE
Name of granting institution معهد التربية البدنية و الرياضية، جامعة الجزائر 3
653 ## - INDEX TERM--UNCONTROLLED
Uncontrolled term الإصابا ت الرياضية
653 ## - INDEX TERM--UNCONTROLLED
Uncontrolled term الطب الرياضي
653 ## - INDEX TERM--UNCONTROLLED
Uncontrolled term بيوطبي رياضي
700 ## - ADDED ENTRY--PERSONAL NAME
Personal name حريتي, حكيم
710 ## - ADDED ENTRY--CORPORATE NAME
Corporate name or jurisdiction name as entry element معهد التربية البدنية و الرياضية، جامعة الجزائر 3
856 ## - ELECTRONIC LOCATION AND ACCESS
Uniform Resource Identifier <a href=" https://dspace.univ-alger3.dz/jspui/handle/123456789/3262"> https://dspace.univ-alger3.dz/jspui/handle/123456789/3262</a>
942 ## - ADDED ENTRY ELEMENTS (KOHA)
Koha item type رسائل و أطروحات
المقتنيات
Withdrawn status Lost status Source of classification or shelving scheme Damaged status Not for loan Home library Current library Date acquired Inventory number Total checkouts Full call number Barcode Date last seen Price effective from Koha item type
    Dewey Decimal Classification   NOT LOAN / إعارة داخلية مكتبة معهد التربية البدنية و الرياضية مكتبة معهد التربية البدنية و الرياضية 24/02/2025 DOCT1135   DOCT1135 DOCT1135 24/02/2025 24/02/2025 رسائل و أطروحات

موارد الويب المفتوحة


© University of Algiers 3 All Rights Reserved
|
Implemented by LECHELAH Riad